[Event "GER-ch U10"]
[Site "Willingen"]
[Date "2015.05.29"]
[Round "9"]
[White "Stahnecker, Hagen"]
[Black "Bress, Aaron"]
[Result "1/2-1/2"]
[WhiteElo "1257"]
[BlackElo "1477"]
[PlyCount "81"]
[EventDate "2015.05.24"]
[EventType "swiss"]
[EventRounds "11"]
[EventCountry "GER"]
[SourceTitle "CBM 166 Extra"]
[Source "ChessBase"]
[SourceDate "2015.06.18"]
[SourceVersion "1"]
[SourceVersionDate "2015.06.18"]
[SourceQuality "1"]

1. e4 c6 2. d4 d5 3. Nc3 dxe4 4. Nxe4 Bf5 5. Ng3 Bg6 6. h4 h6 7. Nf3 Nd7 8. Bd3 Bxd3 9. Qxd3 Qc7 10. 0-0 0-0-0 11. Bd2 Ngf6 12. a4 e6 13. b4 Bd6 14. Nh2 Rh7 15. c4 Rdh8 16. c5 Be7 17. Rfb1 Nd5 18. Nf3 g6 19. b5 Rg7 20. bxc6 Qxc6 21. a5 a6 22. Rb2 Nc7 23. Ne4 Nb5 24. Rc1 Kb8 25. Bf4+ Ka8 26. Ne5 Nxe5 27. Bxe5 f6 28. Nxf6 Rd8 29. Ng4 Rgg8 30. Nxh6 Rgf8 31. Qxg6 Bxh4 32. Qg7 Rh8 33. g3 Qc8 34. gxh4 Rhg8 35. Nxg8 Rxg8 36. Qxg8 Qxg8+ 37. Kh2 Qg4 38. Rg1 Qxh4+ 39. Kg2 Nxd4 40. Bxd4 Qxd4 41. Rgb1 1/2-1/2

[Event "GER-chT U12"]
[Site "Verden"]
[Date "2014.12.29"]
[Round "6.4"]
[White "Stahnecker, Hagen"]
[Black "Ufkes, Enno"]
[Result "1-0"]
[WhiteElo "989"]
[BlackElo "968"]
[PlyCount "69"]
[EventDate "2014.12.27"]
[EventType "team-swiss"]
[EventRounds "7"]
[EventCountry "GER"]
[SourceTitle "EXT 2016"]
[Source "ChessBase"]
[SourceDate "2015.10.08"]
[SourceVersion "1"]
[SourceVersionDate "2015.10.08"]
[SourceQuality "1"]
[WhiteTeam "Koblenz VFR"]
[BlackTeam "Aurich"]
[WhiteTeamCountry "GER"]
[BlackTeamCountry "GER"]

1. e4 e5 2. Nf3 Nc6 3. Bc4 Bc5 4. 0-0 Nf6 5. d3 d6 6. c3 Bg4 7. h3 Bh5 8. Re1 0-0 9. Nbd2 Rb8 10. Nf1 b5 11. Bb3 Re8 12. Ng3 Bxf3 13. Qxf3 a5 14. Bg5 a4 15. Bd5 Na5 16. b4 Bb6 17. bxa5 Bxa5 18. Rac1 Rc8 19. Bc6 Re6 20. Bxb5 Ra8 21. Bc4 Re8 22. Bd5 Ra6 23. Nh5 c6 24. Bxf6 gxf6 25. Nxf6+ Kf8 26. Nxh7+ Kg8 27. Qxf7+ Kh8 28. Bc4 Ra8 29. Qf5 Ra7 30. Ng5 Kg7 31. Qh7+ Kf6 32. Qh6+ Ke7 33. Qe6+ Kf8 34. Qg8+ Ke7 35. Qf7# 1-0